| 000 | 00621nab a2200181 4500 | ||
|---|---|---|---|
| 001 | 244442 | ||
| 003 | OSt | ||
| 005 | 20260114092002.0 | ||
| 007 | tu | ||
| 008 | 260114s2020||||||| | ||
| 040 |
_aDE-2950 _cDE-2950 |
||
| 245 | 0 | 0 |
_aKult-Standort wiederbelebt _bEhemaliges Hochhauscafé. Nach Jahren erwacht die 24. Etage im Oderturm zu neuem Leben. Die Silvesterparty in der Skylounge weckt nostalgische Erinnerungen/ _cLisa Larossa |
| 264 | _c2025 | ||
| 653 | _aFrankfurt (Oder) | ||
| 653 | _aHochhauscafé | ||
| 773 | 0 |
_g37. Jahrgang (2026) Nr. 1 vom 02.01.2026 , S. 11 mit Foto _tMärkische Oderzeitung |
|
| 942 |
_2z _cA |
||
| 999 |
_c374187 _d374187 |
||